Spanische Fußballer, die in einem Champions League Finale standen - Statistiken

Allgemein
  • Dieses Quiz wurde 298 mal gespielt
    77 seit der letzten Aktualisierung
  • Das Durchschnittsergebnis liegt bei 27 aus 74
Antwortstatistiken
# Saison Spieler % Korrekt
4 05/06 (S), 08/09 (S), 10/11 (S), 14/15 (S) Andres Iniesta
97%
4 13/14 (S), 15/16 (S), 16/17 (S), 17/18 (S) Sergio Ramos
97%
3 08/09 (S), 10/11 (S), 14/15 (S) Xavi
95%
3 99/00 (S), 01/02 (S), 13/14 (S) Iker Casillas
90%
6 13/14 (S), 15/16 (S),16/17 (S), 17/18 (S), 21/22 (S), 23/24 (S) Dani Carvajal
88%
2 11/12 (S), 15/16 (N) Fernando Torres
83%
3 05/06 (S), 08/09 (S), 10/11 (S) Carles Puyol
82%
2 10/11 (S), 13/14 (N) David Villa
78%
2 08/09 (S), 10/11 (S) Gerard Pique
78%
3 08/09 (S), 10/11 (S),14/15 (S) Sergio Busquets
78%
1 19/20 (S) Thiago
78%
3 97/98 (S), 99/00 (S), 01/02 (S) Raul
73%
3 05/06 (S), 08/09 (S), 10/11 (S) Victor Valdes
73%
4 13/14 (S), 15/16 (S), 16/17 (S), 17/18 (S) Isco
72%
2 04/05 (S), 06/07 (N) Xabi Alonso
72%
1 12/13 (S) Javi Martinez
70%
3 08/09 (S), 10/11 (S), 14/15 (S) Pedro
67%
3 13/14 (S), 14/15 (N),16/17 (S) Alvaro Morata
63%
2 17/18 (S), 23/24 (S) Nacho
62%
1 14/15 (S) Jordi Alba
60%
3 97/98 (S), 99/00 (S), 01/02 (S), 03/04 (N) Fernando Morientes
57%
2 16/17 (S), 17/18 (S) Marco Asensio
57%
1 24/25 (S) Fabian
53%
1 22/23 (S) Rodri
53%
3 97/98 (S), 99/00 (S), 01/02 (S) Fernando Hierro
52%
2 13/14 (N), 15/16 (N) Koke
52%
2 15/16 (S), 23/24 (S) Lucas Vazquez
50%
1 15/16 (N) Saul Niguez
50%
1 05/06 (N) Cesc Fabregas
48%
1 13/14 (N) Diego Costa
43%
2 14/15 (N), 18/19 (N) Fernando Llorente
40%
1 19/20 (N) Juan Bernat
40%
1 11/12 (S) Juan Mata
33%
1 06/07 (N) Alvaro Arbeloa
32%
1 13/14 (N) Raul Garcia
30%
1 23/24 (S) Joselu
28%
2 13/14 (N), 15/16 (N) Juanfran
28%
1 04/05 (S) Luis Garcia
28%
1 06/07 (N) Pepe Reina
28%
2 99/00 (N), 00/01 (N) Canizares
25%
1 20/21 (S) Cesar Azpilicueta
25%
1 13/14 (N) Adrian Lopez
23%
1 01/02 (S) Cesar Sanchez
23%
2 13/14 (N), 15/16 (N) Gabi
23%
2 99/00 (N), 00/01 (N) Gaizka Mendieta
23%
1 93/94 (N) Josep Guardiola
23%
1 21/22 (S) Dani Ceballos
22%
1 00/01 (N) Juan Sanchez
22%
1 19/20 (N) Ander Herrera
15%
2 99/00 (S), 01/02 (S) Michel Salgado
15%
1 93/94 (N) Sergi
13%
2 99/00 (S), 01/02 (S) Ivan Helguera
12%
1 05/06 (N) Jose Antonio Reyes
12%
2 97/98 (S), 99/00 (S) Manolo Sanchís
8%
1 93/94 (N) Zubizarreta
7%
1 99/00 (S) Aitor Karanka
5%
1 00/01 (N) David Albelda
5%
1 05/06 (N) Manuel Almunia
5%
1 00/01 (N) Baraja
3%
1 99/00 (S) Ivan Campo
3%
1 05/06 (S) Oleguer
3%
1 93/94 (N) Eusebio
2%
1 93/94 (N) Miguel Nadal
2%
1 93/94 (N) Amor
0%
1 93/94 (N) Bakero
0%
1 93/94 (N) Beguiristain
0%
1 93/94 (N) Ferrer
0%
1 99/00 (N) Francisco Farinos
0%
1 99/00 (N) Gerard
0%
1 99/00 (N) Gerardo
0%
1 97/98 (S) Jaime
0%
1 97/98 (S) José Emilio Amavisca
0%
1 99/00 (N) Miguel Angulo
0%
1 93/94 (N) Quique Estebaranz
0%
Keine übereinstimmenden Quizze gefunden
Verteilung der Resultate
Anzahl Personen mit jedem Resultat
Perzentil nach korrekt beantworteten Fragen
Ihre Resultats-Entwicklung
Sie haben dieses Quiz seit der letzten Aktualisierung nicht gespielt